000 00681nam a22001817a 4500
005 20150805124515.0
010 _aENG-113201
020 _a9788180388392
_c495.00
035 _aEN-96733
037 _bDBAD/PUB
082 _a347.5412
245 _aConstitutionalism and constitutional pluralism :
_cedited by P. Ishwara Bhat
_b one supreme law many communities : contemporary issues in India, South-East Asia, China & Europe /
260 _aGurgaon
_bLexis Nexis
_c2013
270 _a14th Floor, Building no 10 Tower, DLF Cyber City, Phase-II,
_bGurgaon
_e122002
300 _aL,403p.
_c24cm(pbk)
700 _aBhat, P. Ishwara
942 _2ddc
_cEN
_mCON
_h347.5412
999 _c93834
_d93834